Disruption management framework, models and applications /

Bibliographic Details
Main Author: Yu, Gang.
Corporate Author: ProQuest (Firm)
Other Authors: Qi, Xiangtong, 1970-
Format: Electronic eBook
Language:English
Published: Singapore ; River Edge, NJ : World Scientific, 2004.
Subjects:
Online Access:Click to View
LEADER 01297nam a2200361Ia 4500
001 EBC227157
003 MiAaPQ
005 20200520144314.0
006 m o d |
007 cr cn|||||||||
008 050104s2004 si a sb 001 0 eng d
020 |z 9789812560179 
020 |z 9812560173 
035 |a (MiAaPQ)EBC227157 
035 |a (Au-PeEL)EBL227157 
035 |a (CaPaEBR)ebr10255808 
035 |a (CaONFJC)MIL187199 
035 |a (OCoLC)646768769 
040 |a MiAaPQ  |c MiAaPQ  |d MiAaPQ 
050 4 |a HD61  |b .Y8 2004 
100 1 |a Yu, Gang. 
245 1 0 |a Disruption management  |h [electronic resource] :  |b framework, models and applications /  |c by Gang Yu, Xiantong Qi. 
260 |a Singapore ;  |a River Edge, NJ :  |b World Scientific,  |c 2004. 
300 |a xvii, 294 p. :  |b ill. 
504 |a Includes bibliographical references and index. 
533 |a Electronic reproduction. Ann Arbor, MI : ProQuest, 2015. Available via World Wide Web. Access may be limited to ProQuest affiliated libraries. 
650 0 |a Decision making. 
650 0 |a Risk management. 
650 0 |a Uncertainty. 
655 4 |a Electronic books. 
700 1 |a Qi, Xiangtong,  |d 1970- 
710 2 |a ProQuest (Firm) 
856 4 0 |u https://ebookcentral.proquest.com/lib/matrademy/detail.action?docID=227157  |z Click to View